000 00724cam a2200217 a 4500
001 000008055
005 20200929154419.0
008 721031s1965 sp b 000 e spa
040 _aDO-SdBNP
_bspa
_cBNPHU
082 _a864.6
_bA973m
100 1 _aAyala, Francisco,
_d1906-
_921959
245 1 0 _aMis páginas mejores /
_cFrancisco Ayala.
260 _aMadrid :
_bGredos,
_c1965.
300 _a310 p. ;
_c19 cm.
490 1 _aBiblioteca Románica Hispánica
_vno. 22
490 1 _a6. Antología Hispánica
_vno. 22
504 _aBibliografía: p. 21-26.
650 4 _aEnsayos españoles
_93095
650 4 _aLiteratura española
_9632
830 0 _aBiblioteca Románica Hispánica :
_p6. Antología Hispánica ;
_vno. 22
_921960
999 _c7832
_d7832